| 000 | 00601nam a2200205 4500 | ||
|---|---|---|---|
| 001 | 123171 | ||
| 003 | ES-MaACL | ||
| 005 | 20250808062534.0 | ||
| 007 | t| | ||
| 008 | 070214s1961 sp r ||||0| spa d | ||
| 100 | 1 |
_aPrzywara, Erich. _994098 |
|
| 245 | 1 | 3 |
_aEl Cristianismo según San Juan / _cErich Przywara ; traducción directa del alemán por B. Unrrueta. |
| 260 |
_aSan Sebastián : _bDinor, _c1961. |
||
| 300 |
_a376 p ; _c18 cm. |
||
| 490 | 1 | _aPrisma | |
| 700 | 1 |
_aUnrrueta, B. _9183486 |
|
| 830 | 0 | 0 |
_aPrisma _9180749 |
| 852 |
_aES-MaACL _jC-20172 _bR.48651 |
||
| 999 |
_c123171 _d123171 |
||